000 00264nam a2200121Ia 4500
008 231106s2017 xx 000 0 und d
041 _aeng
082 _a743.89
100 _aPAUL BRYN DAVIES
245 _aENSOR
260 _bSEARCH PRESS
_c2017
300 _aP-32
999 _c920126
_d920126